Statistics for Godzilla Movies and TV Shows

Click here to take the quiz!

General Stats

  • This quiz has been taken 94 times
    (57 since last reset)
  • The average score is 30 of 47

Answer Stats

HintAnswer% Correct
ShowaGodzilla
97%
MonsterverseGodzilla
97%
OtherGodzilla
97%
Other (TV)Godzilla (Hanna Barbara)
97%
HeiseiThe Return of Godzilla
97%
MillenniumGodzilla Against Mechagodzilla
89%
ShowaGodzilla vs Mechagodzilla
89%
Reiwa (TV)Godzilla: Singular Point
83%
MonsterverseGodzilla vs Kong
83%
ShowaGodzilla Raids Again
80%
HeiseiGodzilla vs Mothra
80%
ShowaKing Kong vs Godzilla
80%
ShowaMothra vs Godzilla
80%
ReiwaShin Godzilla
80%
MillenniumGodzilla: Final Wars
77%
MonsterverseGodzilla: King of the Monsters
77%
ReiwaGodzilla Minus One
74%
ShowaGhidorah: The Three Headed Monster
71%
MillenniumGodzilla 2000: Millennium
71%
MonsterverseGodzilla X Kong The New Empire
71%
HeiseiGodzilla vs SpaceGodzilla
69%
ShowaGodzilla vs Gigan
66%
Monsterverse (TV)Monarch Legacy of Monsters
66%
MillenniumGodzilla, Mothra, King Ghidorah: Giant Monsters All-Out Attack
63%
HeiseiGodzilla vs Destoroyah
63%
ShowaGodzilla vs Hedorah
63%
ShowaGodzilla vs Megalon
63%
ShowaEbirah: Horror of the Deep
60%
MillenniumGodzilla: Tokyo S.O.S
60%
HeiseiGodzilla vs Biollante
60%
ShowaTerror of Mechagodzilla
60%
HeiseiGodzilla vs King Ghidorah
57%
ShowaInvasion of Astro Monster
57%
ShowaSon of Godzilla
57%
ShowaAll Monsters Attack
54%
ShowaDestroy all Monsters
54%
HeiseiGodzilla vs Mechagodzilla II
54%
MillenniumGodzilla vs Megaguirus
51%
ReiwaGodzilla: Planet of the Monsters
49%
ReiwaGodzilla: The Planet Eater
46%
ReiwaGodzilla: City on the Edge of Battle
43%
Other (TV)Godzilla: The Series
26%
Heisei (TV)Godzilla Island
20%
Heisei (TV)Adventure! Godzilland
14%
Heisei (TV)Adventure! Godzilland 2
14%
Reiwa (TV)Chibi Godzilla Raids Again
11%
Reiwa (TV)Godziban
9%

Score Distribution

Percentile by Number Answered

Percent of People with Each Score

Your Score History

You have not taken this quiz since the last reset